Kadry po zawodniku z najmniejszą ilością występów - Statystyki

Ogólne statystyki
  • Ten quiz został rozwiązany 83 razy
  • Średni wynik to 17 z 20
Statystyki odpowiedzi
Zawodnik mający najmniej występów Ilość Występów Ostatni Występ Kraj % Poprawnych
Giovanni Bresadola 2 Predazzo Włochy
97%
Kenshirō Itō 2 Engelberg Japonia
96%
Jonne Veteläinen 1 Kuusamo Finlandia
94%
Choi Seou 7 Sapporo Korea Południowa
92%
Danił Sadriejew 2 Rasnov Rosja
92%
Tomasz Pilch 1 Wisła Polska
91%
Jurij Tepeš 5 Rasnov Słowenia
91%
Stefan Rainer 2 Bischofshofen Austria
90%
Čestmír Kožíšek 11 Lillehammer Czechy
87%
Adrian Sell 1 Garmisch-Partenkirchen Niemcy
86%
Fredrik Villumstad 2 Lillehammer Norwegia
84%
Władimir Zografski 25 Lillehammer Bułgaria
82%
Sabirżan Muminov 21 Lillehammer Kazachstan
82%
Decker Dean 1 Wisła Stany Zjednoczone
81%
Jonathan Learoyd 3 Innsbruck Francja
71%
Matthew Soukup 12 Lillehammer Kanada
71%
Gabriel Karlen 2 Engelberg Szwajcaria
71%
Martti Nõmme 2 Zakopane Estonia
68%
Jewhen Marusiak 11 Rasnov Ukraina
66%
Daniel Cacina 2 Rasnov Rumunia
65%
Nie znaleziono quizów pasujących do podanych kryteriów
Rozkład punktacji
Procent ludzi z każdym wynikiem
Percentyl według liczby udzielonych odpowiedzi
Twoja historia wyników
Nie rozwiązałeś tego quizu